[Event "Nikolaev zt"]
[Site "Nikolaev"]
[Date "1995.??.??"]
[Round "3"]
[White "Vartapetyan, Armen"]
[Black "Guliev, Logman"]
[Result "0-1"]
[WhiteElo "2375"]
[BlackElo "2345"]
[Annotator "Baburin,A"]
[PlyCount "82"]
[EventDate "1995.03.??"]
[EventType "swiss"]
[EventRounds "11"]
[EventCountry "UKR"]
[SourceTitle "CBM 047"]
[Source "ChessBase"]
[SourceDate "1995.08.01"]
[SourceVersion "1"]
[SourceVersionDate "1995.08.01"]
[SourceQuality "1"]

1. e4 c5 2. Nf3 d6 3. Bb5+ Bd7 4. Bxd7+ Qxd7 5. c4 Nc6 6. d4 cxd4 7. Nxd4 Nf6
8. Nc3 g6 9. f3 Bg7 10. Be3 O-O 11. Qd2 Rac8 12. b3 Rfd8 13. O-O e6 14. Rfd1 d5
15. exd5 exd5 16. c5 Re8 17. Nxc6 bxc6 18. Bd4 Qf5 19. b4 $6 {[#] It is
unlikely that White will be able to advance his pawns on the Q-side any
further while his last move already weakened the c4-square, which can be
occupied by Black's Knight later.} (19. Re1) (19. Ne2 $5) 19... h5 20. Qf2 Bh6
21. Rab1 Nd7 $1 22. g3 Ne5 23. Kg2 Nc4 {[#] Black's Knight has reached its
destination and will threaten to go further. This is the result of the
careless move b3-b4; pawns do not come back!} 24. f4 Bg7 $1 25. b5 Bxd4 26.
Rxd4 Ne3+ 27. Kg1 cxb5 28. Rxb5 Re6 29. Rd2 Rce8 30. Rb1 Ng4 31. Qd4 Re3 32.
Rf1 h4 33. Nxd5 Re1 34. h3 Rxf1+ 35. Kxf1 Qb1+ 36. Kg2 Qe1 37. Qd3 Ne3+ 38.
Nxe3 Rxe3 39. Qd8+ Kg7 40. Qd4+ Kh7 41. Rf2 Rxg3+ 0-1

[Event "EU-Cup 29th"]
[Site "Rhodes"]
[Date "2013.10.22"]
[Round "3.6"]
[White "Bartel, Mateusz"]
[Black "Sjugirov, Sanan"]
[Result "1-0"]
[WhiteElo "2638"]
[BlackElo "2635"]
[Annotator "Bartel,M"]
[PlyCount "65"]
[EventDate "2013.10.20"]
[EventType "team-swiss"]
[EventRounds "7"]
[EventCountry "GRE"]
[SourceTitle "CBM 157"]
[Source "ChessBase"]
[SourceDate "2013.11.12"]
[SourceVersion "1"]
[SourceVersionDate "2013.11.12"]
[SourceQuality "1"]
[WhiteTeam "Novy Bor"]
[BlackTeam "Rostov"]
[WhiteTeamCountry "CZE"]
[BlackTeamCountry "RUS"]

1. e4 c5 2. Nf3 d6 3. Bb5+ Bd7 4. c4 {In recent months this move has become
slightly more popular. It seems to me, that it can't be really dangerous for
Black, but at the same time it can be unpleasant for those who look for active
play in the Najdorf. What does White have in mind? It's all about building a
strong pawn structure on white squares, e.g. a2-b3-c4 and e4, which allows him
to control the centre convincingly.} Nc6 {This move was played after 25
minutes of thinking. Obviously, this was a serious mistake, because there was
no reason to waste so much time. Of course, Sjugirov was surprised, but at
that point all moves were acceptable, so why should he spend 30% of his time
on move nr. 4? Other options were, for example:} (4... e5 {, which doesn't
seem too convincing, as after} 5. Bxd7+ Qxd7 6. Nc3 Nf6 7. d3 {White should
have the upper hand as the bishop on c1 is much better than the bishop on f8.})
(4... Bxb5 5. cxb5 Nf6 6. Nc3 g6 7. d4 cxd4 8. Nxd4 Bg7 {and White can be a
bit better as he looks a bit more active and has some prospects on the
queenside.}) (4... Nf6 5. Nc3 g6 6. O-O Bg7 7. d4 cxd4 8. Nxd4 {and we get one
of the crucial positions for 4.c4. It seems that White won't have much,
although it is Black who must play carefully in order not to be pressed too
much.}) 5. Nc3 {I played this move instantly, because I didn't expect my
opponent to play e7-e5.} ({Another option was} 5. d4 {and Black wouldn't have
been able to close the centre.}) 5... e5 {I am not exactly sure how to
evaluate this move. At the first sight, Black should be fine, as White's
prospects in the closed position are significantly limited, but on the other
hand, Black faces serious problems with space now - it's not obvious how he
should develop.} 6. d3 g6 $6 {Sjugirov, an active player, looks for an active
plan. However, there's no time to develop the bishop to g7 and try to play ...
f5 - it will take a lot of time.} ({The correct way was} 6... Nf6 7. O-O Be7 8.
a3 O-O 9. Rb1 {and I think White is a bit better, but it's nothing special.})
7. Nd5 $5 {Of course, there is a rule that you shouldn't move your pieces in
the opening more than once, but who cares about the rules?! With this active
move White tries to fight against Black's development on the kingside.} Bg7 8.
O-O {More logical than} (8. Bg5 $6 f6 (8... Nf6 9. Qd2 h6 {is also ok for Black
}) 9. Bd2 Nge7 {and Black is happy about castling and playing ...f5.}) 8... h6
$6 {This move is easy to explain, as Sanan wanted to take control over the
g5-square. However, it's very slow.} ({There was actually nothing wrong with} 
8... Nf6 9. Bg5 O-O {and it's probably impossible to make use of the pin on
the h4-d8 diagonal. However, it's needless to say, that in a practical game it
looks frightening.}) 9. b4 $1 {A very logical move. Black is developing very
slowly on the kingside, so it's time to start action on the other side of the
board.} Nge7 $2 {After this move White is much better.} ({It was neccessary to
play} 9... Nxb4 {, but I believe that after} 10. Bxd7+ Qxd7 11. Nxb4 cxb4 12.
Bd2 Ne7 (12... a5 $5 13. a3 bxa3 14. Rxa3 b6 15. Be3 $16) 13. Bxb4 O-O 14. a4 {
White is better due to the bad position of the g7-bishop.}) 10. bxc5 dxc5 11.
Be3 b6 (11... Nd4 12. Bxd7+ Qxd7 13. Bxd4 exd4 14. Qb3 $14) 12. Qc1 $5 {
There were many moves now, but I liked this prophylactic move best. It almost
forces Black to play f7-f5 and f5-f4 - otherwise castling is impossible, as
the h6-pawn is under attack. And, of course, such moves seriously weaken
Black's position. It's important to put the queen on c1, not on d2, because
the d2-square is reserved for the bishop.} f5 13. a4 {Again, White had a wide
choice, but the move in the game is the most logical. White is better on the
queenside, so he should develop the game there. The plan a2-a4-a5 is very
simple and effective - after the exchange on b6, b6 will be a very weak spot.}
f4 ({Another option was} 13... fxe4 {with the idea} 14. dxe4 O-O 15. Bxh6 Rxf3
{what was worrying me during the game. Luckily, White can play} 16. Nxe7+ $1 (
16. Bxg7 Kxg7 17. Nxe7 $1 (17. gxf3 $2 Nd4 $13) 17... Qxe7 18. Bxc6 Bxc6 19.
gxf3 Rh8 20. Rd1 $18) 16... Qxe7 17. Bxc6 Bxc6 18. gxf3 {and it's almost
winning for White.}) 14. Bd2 g5 $2 {Black is trying to attack without pieces!}
({It was much better to play} 14... O-O {with the unpleasant intention of ...
Bg4. In that case White would need to consider h2-h3, but it seems very
suspicious.}) 15. Bc3 g4 16. Nd2 $16 {Now White is much better. He has
developed all his pieces and at the same time has a lot of objects to attack -
after a5 he can press on b6, while the e5-pawn is a target all the time.} O-O
17. a5 Rb8 {Black is giving up the a-file, but there was nothing better.} (
17... Nd4 18. Bxd4 Nxd5 (18... Bxb5 19. Bxc5 bxc5 20. Nxe7+ Qxe7 21. cxb5 $18)
19. Bxd7 Qxd7 20. exd5 exd4 21. f3 $1 {looks completely winning for White from
a technical point of view - the bishop on g7 is simply completely useless and
the white knight will dominate the game.}) 18. axb6 axb6 19. Qb2 $2 {This
natural move seems to be a mistake.} ({White should have been more careful and
play the prophylactic} 19. f3 $1 {, which blocks the f3-square and stop all
active options for Black. It also may win f3 for a knight in the future.})
19... Ng6 $2 {The idea of this move is clear - to prepare space for the queen
to enter the attack. However, it seems that the queen won't be that useful in
attack, but it's sure that the knight on g6 is placed badly.} ({Black had an
exellent chance to complicate matters with the always tempting and natural} 
19... f3 20. g3 h5 $1 {At the beginning it seems that White has a big plus,
but digging deeper and deeper I realised, that Black's plan h4-hxg3 and later
even ...Kf7 with the plan of using the h-file is really dangerous. For example
after} 21. Bxc6 (21. Rfb1 h4 22. Nf1 Nxd5 23. cxd5 Nd4 24. Bxd4 exd4 25. Ra7
Bxb5 26. Qxb5 Be5 {leads to a complicated position in which the "bad" bishop
from g7 is suddenly quite a normal piece.}) 21... Nxc6 22. Ra6 h4 23. Rxb6 hxg3
24. fxg3 Qg5 {things get risky for White.}) 20. Bxc6 $1 {From the practical
point of view the best. The bishop on b5 was a bit out of the game, while the
knight on c6 was always dreaming about moving to d4. Also, after the exchange
White gains direct options to attack thw b6-pawn.} Bxc6 21. Ra6 {The simplest.}
({I was also considering} 21. Ra7 $5 {with the idea} Qh4 $2 22. Rxg7+ Kxg7 23.
Bxe5+ {, but Black isn't forced to play ...Qh4.}) 21... Bxd5 $2 {After this
move Black is totally lost (both tactically and positionally), but it was
already hard to find anything better.} 22. exd5 f3 23. g3 Qg5 {This is, of
course, the only thing Black can do, but it's not sufficient.} ({Sacrificing
the knight by} 23... Nf4 {wasn't good because of} 24. gxf4 Qh4 25. Kh1 $1 Qh3
26. Rg1 $18) 24. Rb1 {I liked this most. The rook on f1 wasn't playing and now
it's both entering into the game and preparing a corridor for the queen.} Nf4 {
Sjugirov is looking for some chances in a berserker style attack, but it
simply can't work.} ({Another option was} 24... Qh5 25. Qc1 $1 {and White is
about to win.}) 25. gxf4 $18 Qh4 26. Qc1 (26. Kh1 $5 Rf5 (26... Qxf2 27. Rg1)
27. Rg1) 26... Rf5 27. Kh1 $1 exf4 28. Bxg7 $2 {This is a bit careless.} ({
Some moves earlier I saw} 28. Ra7 {which finishes the game on the spot, but
when the position arose on the board, I... had forgotten about it!}) 28... g3
$2 {The position was lost anyway, but after} (28... Qxf2 29. Qg1 Qxd2 30. Qxg4
Qg2+ (30... Rg5 31. Qe6+ $18) 31. Qxg2 fxg2+ 32. Kxg2 {Black could reach a
probably easily lost endgame. There was nothing better, though.}) 29. Nxf3 {
Now White is two minor pieces up and the rest is simple.} Qg4 30. Qd1 Re8 31.
Be5 gxf2 32. Raxb6 Rh5 33. Re6 1-0

[Event "Sitges Sunway op 4th"]
[Site "Sitges"]
[Date "2017.12.23"]
[Round "9"]
[White "Bologan, Viktor"]
[Black "Dann, Matthias"]
[Result "0-1"]
[WhiteElo "2607"]
[BlackElo "2517"]
[Annotator "Besenthal,K"]
[PlyCount "72"]
[EventDate "2017.12.15"]
[EventType "swiss"]
[EventRounds "9"]
[EventCountry "ESP"]
[SourceTitle "EXT 2019"]
[Source "ChessBase"]
[SourceDate "2018.10.10"]
[SourceVersion "1"]
[SourceVersionDate "2018.10.10"]
[SourceQuality "1"]
[TimeControl "40/5400+30:1800+30"]

1. e4 {[%emt 0:03:34]} c5 {[%emt 0:00:25]} 2. Nf3 {[%emt 0:00:10]} d6 {[%emt 0:
00:05]} 3. Bb5+ {[%emt 0:01:33]} Bd7 {[%emt 0:00:21]} 4. c4 {[%emt 0:00:10]}
Nf6 {[%emt 0:03:56]} 5. Nc3 {[%emt 0:00:12]} g6 {[%emt 0:00:10]} 6. d4 {
[%emt 0:01:07]} cxd4 {[%emt 0:00:39]} 7. Nxd4 {[%emt 0:00:06]} Nc6 {[%emt 0:07:
01]} 8. O-O {[%emt 0:07:13]} Bg7 {[%emt 0:00:20]} 9. Bxc6 {[%emt 0:05:15]} bxc6
{[%emt 0:01:59]} 10. c5 {[%emt 0:00:36]} O-O {[%emt 0:01:36]} 11. h3 {[%emt 0:
03:10]} Qc8 {[%emt 0:20:41]} 12. Nb3 {[%emt 0:18:22]} d5 {[%emt 0:07:38]} 13.
e5 {[%emt 0:01:56]} Ne4 {[%emt 0:03:43]} 14. Qd4 {[%emt 0:02:00]} Nxc3 {
[%emt 0:04:57]} 15. Qxc3 {[%emt 0:00:07]} a5 {[%emt 0:02:04]} 16. Bf4 {[%emt 0:
03:22]} Qa6 {[%emt 0:07:55]} 17. Qd2 {[%emt 0:10:17]} Qb5 {[%emt 0:08:00]} 18.
Rac1 {[%emt 0:03:04]} Qb4 {[%emt 0:07:08]} 19. Rc3 {[%emt 0:08:55]} Rfb8 {
[%emt 0:01:14]} 20. a3 {[%emt 0:04:12]} Qb7 {[%emt 0:00:58]} 21. Rb1 {[%emt 0:
02:25]} a4 {[%emt 0:11:46]} 22. Nd4 {[%emt 0:00:23]} Qc8 {[%emt 0:00:02]} 23.
Re1 {[%emt 0:02:47]} Be6 {[%emt 0:00:51]} 24. g4 {[%emt 0:04:14]} Rb7 {[%emt 0:
00:13]} 25. Bg3 {[%emt 0:01:14]} Rab8 {[%emt 0:00:59]} 26. Rc2 {[%emt 0:00:13]}
h5 {[%emt 0:02:42]} 27. gxh5 {[%emt 0:02:51]} Bf5 {[%emt 0:01:01]} 28. Nxf5 {
[%emt 0:09:01]} Qxf5 {[%emt 0:00:05]} 29. hxg6 {[%emt 0:00:23]} fxg6 {[%emt 0:
00:27]} 30. Re2 {[%emt 0:02:29]} Qxh3 {[%emt 0:02:40]} 31. Qa5 {[%emt 0:01:15]}
Qg4 {[%emt 0:02:37]} 32. Qa6 {[%emt 0:00:07]} Rb3 {[%emt 0:00:35]} 33. Qxc6 {
[%emt 0:01:03]} e6 {[%emt 0:01:01]} 34. Qa6 {[%emt 0:02:28]} d4 {[%emt 0:00:32]
[#] Hier war Weiß wohl noch nicht verloren. Aber was soll er tun? Mit seinem
Freibauern vorstoßen oder doch lieber den Freibauern des Gegners stoppen?
Bologan versucht es mit Ersterem - das funktioniert jedoch nicht.} 35. c6 {
[%emt 0:00:19]} (35. Qc4 $1 {wäre ein probates Mittel gewesen, den Zug d4-d3
zu verhindern.}) 35... Rf8 $1 {[%emt 0:00:57] Stark gespielt. Neben d4-d3
steht plötzlich auch das Qualitätsopfer auf g3 im Raum. Und ein Fortzug des
Te2 aus der e-Linie ließe Lxe5 zu. Die Stellung ist mit einem Male unhaltbar
für Weiß.} 36. Qa5 {[%emt 0:00:48]} ({Oder} 36. c7 Rxg3+ 37. fxg3 Qxg3+ 38. Rg2
Qe1+ 39. Kh2 Bxe5+ {mit durchschlagendem Angriff.}) 36... d3 {[%emt 0:00:17]}
0-1

[Event "Interzonal-16"]
[Site "Biel"]
[Date "1993.??.??"]
[Round "2"]
[White "Barua, Dibyendu"]
[Black "Topalov, Veselin"]
[Result "1-0"]
[WhiteElo "2510"]
[BlackElo "2650"]
[Annotator "Boensch,U"]
[PlyCount "59"]
[EventDate "1993.07.16"]
[EventType "swiss"]
[EventRounds "13"]
[EventCountry "SUI"]
[SourceTitle "CBM 037"]
[Source "ChessBase"]
[SourceDate "1993.12.01"]
[SourceVersion "1"]
[SourceVersionDate "1993.12.01"]
[SourceQuality "1"]

1. e4 {Ambroz} c5 2. Nf3 d6 3. Bb5+ Bd7 4. Bxd7+ Qxd7 (4... Nxd7 5. O-O Ngf6 6.
Re1 e6 7. b3 Be7 8. Bb2 O-O 9. d3 Qc7 10. Nbd2 b5 11. a4 a6 $10 {Barua,
D-Khalifman,A Biel izt (11) 1993 0-1 45}) 5. O-O e6 (5... Nf6 6. e5 $5 dxe5 7.
Nxe5 Qd6 8. Nc4 Qd7 9. b3 $146 Nc6 10. Bb2 e6 11. f4 Be7 12. Ne5 Qc7 13. Na3
$10 {Georgiev,Kr-Genov,P/BLG-ch1992/}) 6. b3 (6. Qe2 Nc6 7. c3 Nf6 8. d4 cxd4
9. Bg5 $146 dxc3 10. Nxc3 Be7 11. Rfd1 $44) 6... Nf6 7. Re1 Nc6 8. Bb2 Be7 9.
d4 (9. d3 O-O 10. Nbd2 $10) 9... cxd4 10. Nxd4 O-O 11. c4 Rfd8 (11... Nxd4 $5 {
Ambroz /\ b5}) 12. Nc3 Rac8 $10 (12... a6 {Ambroz} 13. Na4 Rab8 14. Rc1 b5 15.
Nxc6 Qxc6 16. cxb5 Qxb5 $10 {Hjartarson-Watson, Brighton 1982}) 13. Qd2 (13.
Rc1 {Ambroz} Ne8 $5 {/\ Bf6}) 13... b6 (13... a6 $142 $5 {Ambroz}) 14. Rad1 a6
(14... Qb7 $5) 15. a4 Na5 (15... g6 {Ambroz} 16. Qe3 Qb7 (16... Nxd4 $5) 17.
Qh3 $143 (17. Nxc6 $5 Qxc6 (17... Rxc6 18. Qf3 {/\ Nd5, /^ a1-h8}) 18. Qh3 Bf8
19. Nd5 $1 Nxe4 20. Rxe4 exd5 21. Qc3 $18) 17... Nxd4 18. Rxd4 Bf8) 16. Qe3 Ne8
(16... e5 $2 17. Nf5 Nxb3 18. Qg5 (18. Nd5 {Ambroz} Nxd5 19. Qxb3 $1 (19. Rxd5
Na5 (19... Nd4 $5 20. Nxd4 (20. Rxd4 exd4 21. Bxd4 $13) 20... exd4 21. Bxd4
Rxc4 22. Bxb6 Rdc8 $10) 20. Bxe5 Nxc4 21. Qg3 g6 22. Ba1 $44 (22. Bxd6 Nxd6 23.
Nxd6 Bxd6 24. e5 Qe6)) 19... Nf6 20. Bxe5 Nxe4 (20... Rc6 21. Qg3 g6 (21... Nh5
22. Qg4 $40) 22. Qg5 (22. Bb2 $36 {/^ a1-h8}) 22... Nd5 23. Qh6 $5 Bf8 24. Bg7
$1 gxf5 (24... Ne7 25. Bxf8 Nxf5 26. exf5) 25. Bxf8 Rxf8 26. cxd5 (26. Rxd5)
26... Rc4 27. Rd3 f4 $8 28. Qxf4 $16) 21. Nxg7 Nf6 22. Qg3 Qg4 23. Nf5 $1 $18)
18... g6 19. f4 $40) (16... Nc6 {Ambroz} 17. Nxc6 Qxc6 (17... Rxc6 18. e5 (18.
Nd5 exd5 19. exd5 Rc7 20. Qxb6 Rb7 $15) 18... Ne8 19. Qg3 $40) 18. Nd5 exd5 19.
exd5) 17. f4 Qb7 18. Kh1 Bf8 19. Qh3 (19. Qg3 $5 {Ambroz}) 19... Nc7 (19... Nc6
{Ambroz} 20. Nxc6 Rxc6 21. f5 $16) (19... e5 $5 {Ambroz} 20. fxe5 (20. Nf3 $5)
20... dxe5 21. Nf5 Nxb3 (21... Rxd1 22. Rxd1 Nxb3 $2 23. Nd5 {/\ Nfe7}) 22. Nd5
Nd4 23. Nxd4 exd4 24. Bxd4 $36) 20. Rd3 Nc6 21. Nxc6 Qxc6 22. Qh4 Ne8 23. Rh3
h6 24. Rg3 Kh7 (24... g6 {Ambroz} 25. f5 Kh7 26. fxg6+ fxg6 27. Qg4) 25. f5
exf5 (25... Nf6 {Ambroz} 26. fxe6 fxe6 27. Nd5 $1 exd5 (27... Nxd5 28. exd5
exd5 29. Bxg7 $1 $18) 28. Bxf6 Re8 (28... gxf6 29. Qg4) 29. cxd5 $16 Qxd5 $140
30. Rxg7+) 26. Nd5 $1 b5 27. axb5 axb5 28. Qf4 bxc4 (28... Qd7 {Ambroz} 29.
exf5) 29. Qxf5+ Kg8 30. Bxg7 (30. Bxg7 Bxg7 (30... Nxg7 31. Nf6+ Kh8 32. Qh7#)
31. Ne7+ $18) 1-0

[Event "NED-ch46"]
[Site "Eindhoven"]
[Date "1991.06.15"]
[Round "5"]
[White "Bosboom, Manuel"]
[Black "Brenninkmeijer, Joris"]
[Result "0-1"]
[WhiteElo "2460"]
[BlackElo "2525"]
[Annotator "Boensch,U"]
[PlyCount "58"]
[EventDate "1991.06.10"]
[EventType "tourn"]
[EventRounds "11"]
[EventCountry "NED"]
[EventCategory "9"]
[SourceTitle "CBM 026"]
[Source "ChessBase"]
[SourceDate "1992.02.01"]
[SourceVersion "1"]
[SourceVersionDate "1992.02.01"]
[SourceQuality "1"]

1. e4 {Boensch} c5 2. Nf3 d6 3. Bb5+ Bd7 4. Bxd7+ Qxd7 (4... Nxd7 5. O-O Ngf6
6. Qe2 e6 7. b3 Be7 8. Bb2 O-O 9. c4 a6 10. d4 cxd4 11. Nxd4 Qc7 12. Nc3 Rfe8
13. Rad1 Bf8 14. f4 $14 {Ulibin-Ruban Santa Clara 1991}) 5. O-O Nc6 6. c3 Nf6
7. d4 Nxe4 (7... cxd4 8. cxd4 d5 9. e5 Ng8 $5 (9... Ne4 10. Ne1 h6 $10) 10. b3
$6 e6 11. Ba3 Bxa3 12. Nxa3 Nge7 13. Nc2 O-O $10 {Kraut-Boensch Bundesliga
1991/92}) 8. d5 Ne5 9. Re1 (9. Nxe5 dxe5 10. Re1 Nd6 11. Rxe5 g6 12. Bg5 h6 13.
Bf6 Rg8 $13) 9... Nxf3+ 10. Qxf3 Nf6 11. Na3 O-O-O (11... g6 $4 12. Qxf6 $18)
12. b4 Qg4 13. Qd3 e6 14. dxe6 fxe6 15. Qb5 cxb4 16. Rb1 Nd5 17. Qa5 a6 18.
cxb4 Rd7 19. Be3 (19. b5 $2 b6 20. Qxa6+ Kb8 {/\Ra7}) 19... Be7 20. Ba7 Bd8 21.
Rbc1+ Rc7 22. b5 $2 (22. Bb6 $1 $13) 22... Nf4 $19 23. g3 Ne2+ 24. Kf1 Nxc1 25.
bxa6 Qf3 26. Kg1 bxa6 27. Be3 Ne2+ 28. Kf1 Rc6 29. Qa4 Nc3 0-1

[Event "Madrid"]
[Site "Madrid"]
[Date "1996.05.18"]
[Round "9"]
[White "Salov, Valery"]
[Black "Shirov, Alexei"]
[Result "0-1"]
[WhiteElo "2670"]
[BlackElo "2690"]
[Annotator "Bologan,V"]
[PlyCount "64"]
[EventDate "1996.05.08"]
[EventType "tourn"]
[EventRounds "9"]
[EventCountry "ESP"]
[EventCategory "17"]
[SourceTitle "CBM 053"]
[Source "ChessBase"]
[SourceDate "1996.08.01"]
[SourceVersion "1"]
[SourceVersionDate "1996.08.01"]
[SourceQuality "1"]

1. e4 c5 2. Nf3 d6 3. Bb5+ {The choice of the opening was easy to predict. As
we knew later on Valery needed just a draw to take the first price. But this
time his simplification weapon didn't work.} Bd7 4. Bxd7+ Qxd7 5. O-O Nc6 6. c4
Nf6 7. Nc3 g6 8. Rb1 (8. d4 $142) 8... Bg7 9. a3 O-O 10. b4 Ng4 $1 {Taking
under control the squares 'd4' and 'e5'.} 11. Nd5 e6 12. Ne3 Nge5 13. Nxe5 dxe5
$1 $15 {At this moment I guess Salov started to realize that the first place
is slipping away from his hands.} 14. b5 (14. bxc5 Rfd8 15. Qb3 Rab8 16. Rd1
Bf8 $15) 14... Nd4 15. Nc2 Rad8 16. Nxd4 Qxd4 17. Qc2 Qd3 18. Rb2 Qe2 $17 19.
d3 (19. Rb3 Rd4) 19... Qxc2 20. Rxc2 Rxd3 21. Re1 Rfd8 22. Kf1 f5 23. Bb2 f4 $1
$19 {The best . White is helpless against the pawn atack on the kingside.} 24.
Bc3 g5 25. f3 Kf7 26. Ree2 Bf6 27. a4 (27. Red2 $2 Rxc3 $19) 27... h5 28. h3 g4
29. hxg4 hxg4 30. fxg4 Bh4 31. g3 Bxg3 32. Bxe5 f3 0-1

[Event "EU-ch 12th"]
[Site "Aix les Bains"]
[Date "2011.04.02"]
[Round "11"]
[White "Csiba, Dominik"]
[Black "Brunner, Nicolas"]
[Result "0-1"]
[WhiteElo "2379"]
[BlackElo "2478"]
[Annotator "Brunner,N"]
[PlyCount "72"]
[EventDate "2011.03.22"]
[EventType "swiss"]
[EventRounds "11"]
[EventCountry "FRA"]
[SourceTitle "CBM 142 Extra"]
[Source "ChessBase"]
[SourceDate "2011.06.27"]
[SourceVersion "1"]
[SourceVersionDate "2011.06.27"]
[SourceQuality "1"]
[TimeControl "40/5400+30:1800+30"]

1. e4 c5 2. Nf3 d6 3. Bb5+ Bd7 4. Bxd7+ Qxd7 5. O-O Nf6 6. e5 dxe5 7. Nxe5 Qc8
8. Qf3 e6 9. Nc3 (9. b3 Be7 10. Bb2 O-O 11. d3 Nfd7 12. Nxd7 Qxd7 13. Qg4 g6
14. Nd2 Nc6 15. Nf3 Qd5 16. Rad1 Rad8 17. c4 Qf5 18. Qxf5 gxf5 {Papp,G (2551)
-Hracek,Z (2627) EU-ch 13th Plovdiv 2012 (9) 0-1} (18... exf5 19. Rfe1 Rfe8 20.
Re3 Bf8 $11 {Arsovic})) 9... Be7 10. d3 O-O 11. Bf4 Nfd7 12. Qg3 Nc6 13. Nxc6
Qxc6 14. Ne4 {67} f5 {71} ({RR} 14... Kh8 15. Rfe1 Rad8 16. Bc7 Rde8 17. Nd6
Ra8 18. Nc4 Rac8 19. Bf4 Rfe8 20. Re4 b5 21. Ne5 Nxe5 22. Bxe5 f6 23. Bc3 b4
24. Rh4 bxc3 25. Qg6 h6 26. Rxh6+ gxh6 27. Qxh6+ Kg8 28. Qg6+ Kf8 29. Qh6+ {
Finegold,B (2494)-Robson,R (2545)/Saint Louis 2011/Mega2011 Update 22/1/2-1/2})
15. Nd6 $146 {57} ({RR} 15. Nd2 Rf6 16. Rfe1 g5 17. h4 Rg6 18. hxg5 h6 19. Nf3
hxg5 20. Be5 g4 21. Qh2 Bf6 22. Bxf6 gxf3 23. Qh8+ Kf7 24. Qxa8 Rxg2+ 25. Kh1
Nxf6 26. Rg1 Ng4 {0-1 Chan We Xuan,T (2344)-Nguyen Huynh Minh,H (2500)/Ho Chi
Minh City 2009/CBM 133 Extra}) 15... Rf6 16. Nc4 {57} Rg6 17. Qh3 Bf6 18. Rae1
Qd5 19. a4 Bd4 20. g3 Nb6 21. b3 Nxc4 22. bxc4 Qd7 23. Qg2 Re8 24. Be5 b6 25.
Bxd4 cxd4 26. a5 bxa5 27. Ra1 Qc7 28. Rfb1 Rb8 29. Rxb8+ Qxb8 30. Qc6 h5 31.
Rxa5 Qb1+ 32. Kg2 h4 {[%cal Gh4h3]} 33. Qa8+ $2 (33. Rxf5 $1 {[%cal Gc6g6]})
33... Kh7 34. Rxa7 h3+ 35. Kf3 Qd1+ 36. Kf4 Qe2 0-1